00839nam a2200193 a 450000100100000000500170001000800410002702000150006804000250008310000300010824501330013826001100027130000200038150400300040170000320043171000600046395201050052399900170062800004123220201002034723.0130926d1989 sp 000 0 spa d a8400069080 aDO-SdBNPbspacBNPHU1 aIbáñez, Carlos96781310aCatálogo de Murcielagos de las Colecciones del Museo Nacional de Ciencias Naturales /cCarlos Ibáñez, Rodrigo Fernández. aMadrid :bMuseo Nacional de Ciencias NaturalezbConsejo Superior de Investigaciones Científicas,c1989. a54 p. :b24 cm. aBibliografía : p. 49-501 aFernández, Rodrigo9678142 aConsejo Superior de Investigaciones Científicas94786 001050718MOaGRbGRcCTd2013-11-20iLF1l0o p41232-10r2020-06-25w2020-06-25y1ZNo se presta c40722d40722